00422nam a22001097a 4500100003400000245012000034260002700154300000900181650004800190700004100238856003300279 aAsif Ali Somomroa17-16MSIT09 aEvaluate the Accuracy of Google Translate Website Translation from English to Sindhi and Sindhi to English Language aNawabshahbQuestc2021 a41p. aMaster of Science in Information Technology aDepartment of Information Technology uhttps://tinyurl.com/2vchff8u